LEADER 00941nam1 2200277 450 001 000034222 005 20150205111849.0 100 $a20130118d--------km-y0itaa50------ba 101 0 $afre 102 $aFR 200 1 $a<>Allemagne romantique$fMarcel Brion 210 $aParis$c<> Michel 215 $aVolumi$d22 cm. 463 \1$1001000034224$12001 $aKleist, Brentano, Wackenroder, Tieck, Caroline von Gunderode 463 \1$1001000034225$12001 $aNovalis, Hoffmann, Jean-Paul, Eichendorff 606 1 $aRomanticismo$yGermania 676 $a830.6$v(22. ed.)$9Letterature germaniche Letteratura tedesca. 1750-1832 700 1$aBrion,$bMarcel$036142 801 0$aIT$bUniversità della Basilicata - B.I.A.$gRICA$2unimarc 912 $a000034222 996 $aAllemagne romantique$996377 997 $aUNIBAS BAS $aLETTERE CAT $aSTD086$b01$c20130118$lBAS01$h1258 CAT $aTTM$b30$c20150205$lBAS01$h1118 FMT